| 000 | 00486nam a2200193Ia 4500 | ||
|---|---|---|---|
| 003 | GCL | ||
| 008 | 140319s9999 xx 000 0 eng d | ||
| 040 |
_aGCL / _cGCL |
||
| 082 | 0 | 4 |
_a892.76 _bB E |
| 100 | 1 | _aBADR, LIANA | |
| 245 | 1 | 0 |
_aTHE EYE OF THE MIRROR / _cBADR, LIANA |
| 700 | 1 | _aKAWAR, SAMIRA | |
| 260 |
_a[S.N] : _bGARNET PUBLISHINGG LIMITED ، _c1994 |
||
| 300 | _a265 P | ||
| 650 | 0 | 4 | _aLITERATURE |
| 650 | 0 | 4 | _aARABIC LITERATURE |
| 650 | 0 | 4 | _aFICTION |
| 942 |
_2ddc _cBK |
||
| 999 |
_c24966 _d24966 |
||